WEB PATRAKARITA NAYA MEDIA NAYE RUJHAN (Record no. 5292)

MARC details
000 -LEADER
fixed length control field 00411nam a22001577a 4500
005 - DATE AND TIME OF LATEST TRANSACTION
control field 20161022153532.0
008 - FIXED-LENGTH DATA ELEMENTS--GENERAL INFORMATION
fixed length control field 161022b xxu||||| |||| 00| 0 eng d
020 ## - INTERNATIONAL STANDARD BOOK NUMBER
ISBN 978-81-83-61-535-8
041 ## - LANGUAGE CODE
Language code of text/sound track or separate title eng
100 ## - MAIN ENTRY--AUTHOR NAME
Personal name JOSHI,SHALINI,JOSHI,SHIV PRASAD
245 ## - TITLE STATEMENT
Title WEB PATRAKARITA NAYA MEDIA NAYE RUJHAN
260 ## - PUBLICATION, DISTRIBUTION, ETC. (IMPRINT)
Name of publisher RADHA KRISHNAN
300 ## - PHYSICAL DESCRIPTION
Number of Pages 115
650 ## - SUBJECT ADDED ENTRY--TOPICAL TERM
Topical Term MASS COM@JOURNALISM
942 ## - ADDED ENTRY ELEMENTS (KOHA)
Koha item type Books
Holdings
Lost status Damaged status Home library Current library Shelving location Date acquired Source of acquisition Cost, normal purchase price Accession Number Koha item type
    JRU Library   SHELF-32-I 22/10/2016 Purchase 200.00 21391 Books
    JRU Library   SHELF-32-H 22/10/2016 Purchase 200.00 21392 Books
    JRU Library   SHELF-32-F 22/10/2016 Purchase 200.00 21393 Books
    JRU Library   SHELF-32-I 22/10/2016 Purchase 200.00 21394 Books